000 01365nam0a2200301 4500
001 RU\NLR\bibl\1103904
005 20250615055908.0
010 _a978-5-7389-0464-8
_9100
021 _aRU
_b2007-35079
_91863
035 _a(NLR Aleph) 001090981
090 _a1118129
_c1118129
100 _a20070702d2007 |||y0rusy50 ca
101 0 _arus
102 _aRU
105 _ay |||||||||
200 1 _aПравовые основы осуществления прокурорского надзора
_fГ.П. Фатеев, М.И. Поротников
_gФедер. агентство по образованию, Гос. образоват. учреждение высш. проф. образования "Тихоокеан. гос. ун-т"
210 _aХабаровск
_cИзд-во ТОГУ
_d2007
215 _a101 с.
_d21
320 _aБиблиогр.: с. 97-100
606 1 _aПрокурорский надзор
_xКонституционно-правовые вопросы
_yРоссийская Федерация
_92377823
_3RU\NLR\auth\661418866
686 _aХ620.12
700 1 _aФатеев
_bГ. П.
_gГеннадий Петрович
_4070
701 1 _aПоротников
_bМ. И.
_gМихаил Иванович
_4070
801 0 _aRU
_bNLR
_c20070702
_gRCR
801 1 _aRU
_bNLR
_c20070702
942 _cBOOK
980 _aNB